[Event "Moscow op-E"]
[Site "Moscow"]
[Date "2011.01.29"]
[Round "1.92"]
[White "Radivilov, Igor"]
[Black "Potapov, Alexey"]
[Result "0-1"]
[WhiteElo "1973"]
[BlackElo "2383"]
[PlyCount "32"]
[EventDate "2011.01.29"]
[EventType "swiss"]
[EventRounds "9"]
[EventCountry "RUS"]
[SourceTitle "EXT 2022"]
[Source "ChessBase"]
[SourceDate "2021.10.06"]
[SourceVersion "1"]
[SourceVersionDate "2021.10.06"]
[SourceQuality "1"]

1. e4 c6 2. d4 d5 3. Nc3 dxe4 4. Nxe4 Nf6 5. Nxf6+ gxf6 6. Bf4 Bf5 7. Nf3 e6 8. Bd3 Rg8 9. Bxf5 Qa5+ 10. Qd2 Qxf5 11. 0-0-0 Nd7 12. g3 Qd5 13. Qd3 Qxa2 14. c3 Nb6 15. Nd2 Na4 16. Qb1 Nxc3 0-1

[Event "Moscow op-B"]
[Site "Moscow"]
[Date "2009.11.20"]
[Round "1"]
[White "Radivilov, Igor"]
[Black "Shuvalov, Evgenij"]
[Result "1-0"]
[WhiteElo "1947"]
[BlackElo "2213"]
[PlyCount "53"]
[EventDate "2009.01.31"]
[EventType "swiss"]
[EventRounds "9"]
[EventCountry "RUS"]
[SourceTitle "EXT 2012"]
[Source "ChessBase"]
[SourceDate "2011.11.24"]
[SourceVersion "1"]
[SourceVersionDate "2011.11.24"]
[SourceQuality "1"]

1. Nf3 d5 2. d4 Nf6 3. Bf4 e6 4. e3 c5 5. Be2 Qb6 6. b3 Nc6 7. 0-0 cxd4 8. exd4 Be7 9. Nc3 0-0 10. Nb5 Ne8 11. c4 a6 12. Nc3 Qa5 13. Na4 b5 14. Bd2 b4 15. c5 Qc7 16. Nb6 Ra7 17. a3 bxa3 18. Rxa3 Qb7 19. Qa1 Nc7 20. b4 Bf6 21. Bc3 Rd8 22. Qa2 Bd7 23. Ra1 Nb8 24. Nxd7 Rxd7 25. b5 Nxb5 26. Bxb5 Qxb5 27. Rb1 1-0

[Event "Moscow op-B"]
[Site "Moscow"]
[Date "2009.02.06"]
[Round "7"]
[White "Radivilov, Igor"]
[Black "Gaboev, Batraz"]
[Result "0-1"]
[WhiteElo "1947"]
[BlackElo "2120"]
[PlyCount "37"]
[EventDate "2009.01.31"]
[EventType "swiss"]
[EventRounds "9"]
[EventCountry "RUS"]
[SourceTitle "EXT 2012"]
[Source "ChessBase"]
[SourceDate "2011.11.24"]
[SourceVersion "1"]
[SourceVersionDate "2011.11.24"]
[SourceQuality "1"]

1. Nf3 Nf6 2. b3 d6 3. d4 g6 4. Bb2 Bg7 5. e3 0-0 6. Bd3 c5 7. c4 Nc6 8. a3 Bg4 9. d5 Ne5 10. Be2 Nxf3+ 11. Bxf3 Bxf3 12. Qxf3 b5 13. Bc3 Rb8 14. Nd2 e5 15. e4 Bh6 16. 0-0 b4 17. axb4 cxb4 18. Bb2 Bxd2 19. Rxa7 0-1

[Event "Moscow op-B"]
[Site "Moscow"]
[Date "2009.02.01"]
[Round "3"]
[White "Radivilov, Igor"]
[Black "Litvinov, Viktor"]
[Result "1/2-1/2"]
[WhiteElo "1947"]
[BlackElo "2125"]
[PlyCount "81"]
[EventDate "2009.01.31"]
[EventType "swiss"]
[EventRounds "9"]
[EventCountry "RUS"]
[SourceTitle "EXT 2012"]
[Source "ChessBase"]
[SourceDate "2011.11.24"]
[SourceVersion "1"]
[SourceVersionDate "2011.11.24"]
[SourceQuality "1"]

1. Nf3 c5 2. b3 e6 3. Bb2 Nf6 4. e3 d5 5. Ne5 Bd6 6. Bb5+ Nbd7 7. f4 0-0 8. 0-0 a6 9. Bxd7 Nxd7 10. Nf3 Qe7 11. Nc3 b5 12. Ne2 f6 13. Ng3 Nb6 14. Qe2 e5 15. fxe5 fxe5 16. e4 d4 17. d3 Be6 18. Bc1 h6 19. Bd2 c4 20. Ba5 Nd7 21. dxc4 bxc4 22. Nd2 cxb3 23. cxb3 Bc5 24. Kh1 Bb6 25. Bxb6 Nxb6 26. Rxf8+ Rxf8 27. Rf1 Rxf1+ 28. Qxf1 Qa3 29. Qb1 Qb4 30. Qd3 Qc3 31. Qe2 Qa1+ 32. Ndf1 Bc8 33. h3 Qc3 34. Qh5 Qc7 35. Qe8+ Kh7 36. Nf5 Bxf5 37. exf5 Qd6 38. Nd2 Nd7 39. Qe6 Qxe6 40. fxe6 Nf6 41. Nf1 1/2-1/2

[Event "Moscow op-B 04th"]
[Site "Moscow"]
[Date "2008.02.02"]
[Round "1"]
[White "Radivilov, Igor"]
[Black "Zakharov, Igor N"]
[Result "0-1"]
[WhiteElo "1925"]
[BlackElo "2200"]
[PlyCount "50"]
[EventDate "2008.02.02"]
[EventType "swiss"]
[EventRounds "9"]
[EventCountry "RUS"]
[SourceTitle "CBM 122 Extra"]
[Source "ChessBase"]
[SourceDate "2008.03.04"]
[SourceVersion "1"]
[SourceVersionDate "2008.03.04"]
[SourceQuality "1"]

1. e4 e5 2. Nf3 Nf6 3. Nc3 Nc6 4. Bb5 Bc5 5. d3 d6 6. Bg5 h6 7. Be3 Bb6 8. Qd2 Bg4 9. h3 Bxf3 10. gxf3 Bxe3 11. fxe3 Qd7 12. 0-0-0 a6 13. Bxc6 Qxc6 14. f4 0-0-0 15. Rhg1 Rhg8 16. Rg2 Qd7 17. f5 g5 18. Rdg1 d5 19. exd5 Nxd5 20. Nxd5 Qxd5 21. e4 Qxa2 22. Qc3 f6 23. Kd2 Rd6 24. Rc1 Qa4 25. b3 Qxe4 0-1